[Event "Tournoi francophone 004 Groupe A"]
[Site "Skype"]
[Date "????.??.??"]
[Round "7.4"]
[White "Gharbi, Said"]
[Black "Hilton, Stephen"]
[Result "0-1"]
[WhiteElo "1597"]
[BlackElo "1926"]
[PlyCount "100"]

1. e4 c5 2. Nf3 d6 3. c3 Nf6 4. e5 dxe5 5. Nxe5 Nc6 6. Bb5 Bd7 7. Bxc6 Bxc6 8.
Nxc6 bxc6 9. O-O e6 10. Re1 Be7 11. Qf3 Qd5 12. Qg3 O-O 13. Re5 Qd6 14. Na3 Nd7
15. Nc4 Qc7 16. Re3 Qxg3 17. Rxg3 Rfd8 18. d3 f6 19. Bh6 g6 20. Re1 Kf7 21. Na5
Rac8 22. Bf4 e5 23. Bh6 Bd6 24. Nb7 Nb6 25. Nxd8+ Rxd8 26. Re4 f5 27. Rh4 f4
28. Rf3 Be7 29. Rg4 Nd5 30. Bg5 Bxg5 31. Rxg5 Kf6 32. Rg4 g5 33. h4 h6 34.
hxg5+ hxg5 35. Rh3 Kf5 36. f3 Nf6 37. Kf2 Nxg4+ 38. fxg4+ Kxg4 39. Rh7 Rxd3 40.
Ke1 e4 41. Rh1 e3 42. Ke2 Rd2+ 43. Ke1 Rxb2 44. Rh7 Rxa2 45. Rc7 Kg3 46. Rxc6
g4 47. Rxc5 Kxg2 48. Rg5 Kf3 49. c4 g3 50. c5 Ra1# 0-1

[Event "Tournoi francophone 004 Groupe A"]
[Site "Skype"]
[Date "????.??.??"]
[Round "7.5"]
[White "Bourdeau, Yvan"]
[Black "Jacquelin, Norbert"]
[Result "0-1"]
[WhiteElo "1719"]
[BlackElo "1839"]
[PlyCount "26"]

1. e4 e5 2. Nf3 Nf6 3. d4 Nxe4 4. dxe5 d5 5. exd6 Bxd6 6. Bc4 O-O 7. O-O Nc6 8.
Nbd2 Nxd2 9. Bxd2 Bg4 10. h3 Bh5 11. g4 Bg6 12. a3 h5 13. Nh4 Qxh4 0-1

[Event "Tournoi francophone 004 Groupe A"]
[Site "Skype"]
[Date "????.??.??"]
[Round "8.1"]
[White "Rochette, Mathieu"]
[Black "Jacquelin, Norbert"]
[Result "1/2-1/2"]
[WhiteElo "1705"]
[BlackElo "1839"]
[PlyCount "55"]

1. d4 d5 2. c4 e6 3. Nf3 c5 4. e3 Nc6 5. cxd5 exd5 6. Nc3 Nf6 7. Be2 Bd6 8. O-O
O-O 9. b3 cxd4 10. Nxd4 Nxd4 11. Qxd4 Re8 12. Bb2 Be5 13. Qh4 Qa5 14. Rac1 Ne4
15. Nxe4 Bxb2 16. Nd6 Bf6 17. Qh5 g6 18. Qf3 Re6 19. Rxc8+ Rxc8 20. Nxc8 Qc5
21. Nxa7 Qxa7 22. Qxd5 Qxa2 23. Bc4 Re7 24. Rd1 Qa7 25. g3 Kg7 26. Qf3 Qb6 27.
Rd5 Qc7 28. Qd1 1/2-1/2

[Event "Tournoi francophone 004 Groupe A"]
[Site "Skype"]
[Date "????.??.??"]
[Round "8.2"]
[White "Hilton, Stephen"]
[Black "Bourdeau, Yvan"]
[Result "1-0"]
[WhiteElo "1926"]
[BlackElo "1719"]
[PlyCount "79"]

1. d4 Nf6 2. c4 e6 3. Nf3 b6 4. g3 Bb7 5. Bg2 Bb4+ 6. Bd2 Qe7 7. O-O d5 8. a3
Bxd2 9. Nbxd2 Nbd7 10. Rc1 c5 11. cxd5 exd5 12. dxc5 bxc5 13. Qa4 O-O 14. e3
Nb6 15. Qb5 Rfc8 16. Qd3 h6 17. Nb1 Rd8 18. Rfd1 Rac8 19. Nh4 g6 20. Bh3 Rc7
21. Nc3 Bc6 22. Qf1 Bd7 23. Bxd7 Rcxd7 24. Ng2 Nc4 25. Rc2 Kg7 26. Re1 Ne5 27.
Qe2 Ne4 28. f4 Nxc3 29. Rxc3 d4 30. exd4 cxd4 31. Rcc1 d3 32. Qxe5+ Qxe5 33.
Rxe5 d2 34. Rd1 Rc7 35. Re2 Rc2 36. b4 Ra2 37. Kf2 Rxa3 38. Rexd2 Rb8 39. Rb1
Ra5 40. bxa5 1-0

[Event "Tournoi francophone 004 Groupe A"]
[Site "Skype"]
[Date "????.??.??"]
[Round "8.3"]
[White "Deville, Olivier"]
[Black "Gharbi, Said"]
[Result "1/2-1/2"]
[WhiteElo "2032"]
[BlackElo "1597"]
[PlyCount "116"]

1. c4 b6 2. Nf3 Bb7 3. Nc3 c5 4. g3 Nf6 5. Bg2 e6 6. O-O Nc6 7. d4 Na5 8. b3
Ne4 9. Bb2 Qf6 10. Nb5 Bd6 11. Nxd6+ Nxd6 12. dxc5 Qxb2 13. Qxd6 Qa3 14. Rfd1
Qxc5 15. Qxd7+ Kf8 16. b4 Qxb4 17. Ne5 Qe7 18. Bxb7 Nxb7 19. Qxe7+ Kxe7 20.
Rd7+ Kf6 21. Rxf7+ Kxe5 22. Rxb7 g5 23. Rc7 Kd6 24. Rg7 h6 25. Rd1+ Kc5 26.
Rc7+ Kb4 27. Rdd7 a5 28. Rd6 Ka3 29. Rxe6 Kxa2 30. Rxb6 a4 31. c5 Rac8 32. Rbb7
Rxc7 33. Rxc7 Kb3 34. Rb7+ Kc4 35. c6 Rc8 36. c7 a3 37. Rb1 a2 38. Ra1 Kb3 39.
f4 Kb2 40. Rd1 a1=Q 41. Rxa1 Kxa1 42. Kf2 Rxc7 43. Kf3 gxf4 44. gxf4 Kb2 45. f5
Kc3 46. e4 Kd4 47. Kf4 Re7 48. f6 Rxe4+ 49. Kf5 Re5+ 50. Kg6 Rg5+ 51. Kxh6 Rf5
52. Kg7 Rg5+ 53. Kh6 Rf5 54. Kg7 Rg5+ 55. Kf8 Ke5 56. f7 Rf5 57. Ke7 Rxf7+ 58.
Kxf7 Kf4 1/2-1/2

[Event "Tournoi francophone 004 Groupe A"]
[Site "Skype"]
[Date "????.??.??"]
[Round "8.4"]
[White "Ayotte, Jocelyn"]
[Black "Hervais, Adrien"]
[Result "1-0"]
[WhiteElo "2105"]
[BlackElo "2124"]
[PlyCount "63"]

1. d4 d5 2. c4 Bf5 3. cxd5 Bxb1 4. Rxb1 Qxd5 5. a3 Nc6 6. e3 O-O-O 7. Ne2 e5 8.
Nc3 Qa5 9. d5 Nf6 10. Bc4 Qc5 11. Qa4 Na5 12. Ba2 b6 13. Bd2 Nb7 14. b4 Qe7 15.
Nb5 Nd6 16. Nxa7+ Kb7 17. b5 Nxb5 18. Nxb5 Ra8 19. Qc4 Qc5 20. Bb4 Qxc4 21.
Bxc4 Bxb4+ 22. axb4 Rhd8 23. Nc3 Ra3 24. Kd2 c6 25. e4 Nxe4+ 26. Nxe4 cxd5 27.
Bb3 dxe4+ 28. Kc2 Kc6 29. Rhd1 Rc8 30. Kb2 Ra7 31. Rbc1+ Kb7 32. Rd7+ 1-0

[Event "Tournoi francophone 004 Groupe A"]
[Site "Skype"]
[Date "????.??.??"]
[Round "8.5"]
[White "Legueltel, Daniel"]
[Black "Plourde, Alain"]
[Result "0-1"]
[WhiteElo "1842"]
[BlackElo "1907"]
[PlyCount "82"]

1. d4 Nf6 2. c4 b6 3. Nf3 e6 4. Bg5 Bb7 5. e3 h6 6. Bh4 Be7 7. Be2 O-O 8. O-O
c5 9. Nc3 d5 10. cxd5 Nxd5 11. Bxe7 Qxe7 12. Rc1 Nd7 13. a3 Rac8 14. Qd3 Rfd8
15. Nxd5 Bxd5 16. Nd2 Nf6 17. Bf3 Bxf3 18. Nxf3 cxd4 19. Rxc8 Rxc8 20. Nxd4 Qc7
21. h3 e5 22. Nb5 Qc2 23. Qxc2 Rxc2 24. Nxa7 Rxb2 25. Nc8 Ne4 26. f3 Ng3 27.
Ra1 Nf5 28. e4 Nh4 29. Kf1 Nxg2 30. a4 Nh4 31. Nxb6 Rxb6 32. a5 Ra6 33. Ke2 Kf8
34. Kd3 Nxf3 35. Kc4 Nd4 36. Kb4 Nc6+ 37. Kb5 Rxa5+ 38. Rxa5 Nxa5 39. Kxa5 g5
40. Kb4 h5 41. Kc3 g4 0-1

[Event "Tournoi francophone 004 Groupe A"]
[Site "Skype"]
[Date "????.??.??"]
[Round "9.1"]
[White "Plourde, Alain"]
[Black "Rochette, Mathieu"]
[Result "1/2-1/2"]
[WhiteElo "1907"]
[BlackElo "1705"]
[PlyCount "76"]

1. d4 Nf6 2. c4 e6 3. Nc3 d5 4. Nf3 Bb4 5. a3 Be7 6. Bg5 Nbd7 7. e3 h6 8. Bh4
O-O 9. Bd3 c5 10. cxd5 Nxd5 11. Bxe7 Nxc3 12. Bxd8 Nxd1 13. Rxd1 Rxd8 14. dxc5
Nxc5 15. Bh7+ Kxh7 16. Rxd8 Kg6 17. Ke2 Kf6 18. Rc1 b6 19. b4 Ba6+ 20. Ke1 Rxd8
21. bxc5 Rc8 22. c6 Rc7 23. a4 Bd3 24. Nd4 a6 25. Kd2 Bf5 26. f3 e5 27. Nxf5
Kxf5 28. a5 b5 29. Rc5 Ke6 30. e4 f6 31. Kc3 Kd6 32. Rd5+ Kxc6 33. Rd8 Kc5 34.
Rd5+ Kc6 35. Rd8 Rd7 36. Rc8+ Kd6 37. Kb3 Rc7 38. Rd8+ Rd7 1/2-1/2

[Event "Tournoi francophone 004 Groupe A"]
[Site "Skype"]
[Date "????.??.??"]
[Round "9.2"]
[White "Hervais, Adrien"]
[Black "Legueltel, Daniel"]
[Result "1-0"]
[WhiteElo "2124"]
[BlackElo "1842"]
[PlyCount "89"]

1. e4 e5 2. d4 exd4 3. Qxd4 Nc6 4. Qe3 d6 5. Nc3 Be7 6. Qg3 Bf6 7. Nd5 Be6 8.
Nf4 Qe7 9. Nf3 Ne5 10. Nd4 Ng6 11. Ndxe6 fxe6 12. Nxg6 hxg6 13. Qxg6+ Qf7 14.
Qxf7+ Kxf7 15. c3 e5 16. Bc4+ Ke7 17. Be3 Nh6 18. f3 a6 19. O-O-O Nf7 20. Bd5
Rab8 21. Kc2 Bg5 22. Bf2 Nd8 23. Rd3 c6 24. Bb3 b5 25. h4 a5 26. Rhd1 Nb7 27.
hxg5 a4 28. Bxa4 bxa4 29. Bb6 Rbc8 30. Be3 Rh2 31. R1d2 Rh1 32. c4 c5 33. Ra3
Ra8 34. Kc3 Rc1+ 35. Rc2 Ra1 36. Bc1 Ra5 37. b3 axb3 38. Rxb3 Nd8 39. a3 Nc6
40. Kb2 Nd4 41. Rb7+ Ke6 42. Rc3 Ne2 43. Kxa1 Nxc3 44. Bd2 Rxa3+ 45. Kb2 1-0

[Event "Tournoi francophone 004 Groupe A"]
[Site "Skype"]
[Date "????.??.??"]
[Round "9.3"]
[White "Gharbi, Said"]
[Black "Ayotte, Jocelyn"]
[Result "0-1"]
[WhiteElo "1597"]
[BlackElo "2105"]
[PlyCount "36"]

1. e4 c5 2. c3 d5 3. e5 Nc6 4. d4 e6 5. Be3 Qb6 6. b3 cxd4 7. cxd4 Bb4+ 8. Nd2
Nxd4 9. a3 Bxd2+ 10. Qxd2 Nxb3 11. Bxb6 Nxd2 12. Bb5+ Bd7 13. Bxd7+ Kxd7 14.
Bxa7 Nc4 15. Bc5 Nxe5 16. Ne2 Nd3+ 17. Kd2 Nxc5 18. Rhc1 Nb3+ 0-1

[Event "Tournoi francophone 004 Groupe A"]
[Site "Skype"]
[Date "????.??.??"]
[Round "9.4"]
[White "Bourdeau, Yvan"]
[Black "Deville, Olivier"]
[Result "0-1"]
[WhiteElo "1719"]
[BlackElo "2032"]
[PlyCount "100"]

1. e4 c5 2. Nf3 d6 3. d4 cxd4 4. Nxd4 Nf6 5. Nc3 Nc6 6. g3 e5 7. Nb3 Be7 8. Bg2
O-O 9. O-O a5 10. Be3 a4 11. Nd2 a3 12. Nc4 axb2 13. Rb1 Be6 14. Nd5 Rxa2 15.
Rxb2 Rxb2 16. Nxb2 Bxd5 17. exd5 Nb4 18. c3 Na6 19. Qb3 Qc7 20. c4 Nd7 21. Rb1
Nac5 22. Qa2 f5 23. Bf1 f4 24. gxf4 exf4 25. Bd4 Bf6 26. Bxf6 Rxf6 27. Nd3 Nxd3
28. Bxd3 Nc5 29. Bf1 Qc8 30. f3 Qf5 31. Rd1 Qe5 32. Qe2 Rg6+ 33. Kh1 Qxe2 34.
Bxe2 Kf7 35. Rd4 Rf6 36. Kg2 g5 37. h4 h6 38. h5 Rf5 39. Kf2 Re5 40. Rd1 Re3
41. Rb1 g4 42. fxg4 Ne4+ 43. Ke1 f3 44. Rb2 Rxe2+ 45. Rxe2 fxe2 46. Kxe2 Kf6
47. Ke3 Nc5 48. Kf4 b6 49. Kf3 Kg5 50. Kg3 Nd7 0-1

[Event "Tournoi francophone 004 Groupe A"]
[Site "Skype"]
[Date "????.??.??"]
[Round "9.5"]
[White "Jacquelin, Norbert"]
[Black "Hilton, Stephen"]
[Result "1/2-1/2"]
[WhiteElo "1839"]
[BlackElo "1926"]
[PlyCount "78"]

1. c4 f5 2. Nf3 Nf6 3. g3 g6 4. Nc3 Bg7 5. Bg2 O-O 6. O-O d6 7. d4 Nc6 8. a3 e5
9. d5 Ne7 10. e4 fxe4 11. Ng5 Nf5 12. Ncxe4 h6 13. Nxf6+ Qxf6 14. Ne4 Qf7 15.
Bd2 Nd4 16. f4 exf4 17. Rxf4 Qe7 18. Rxf8+ Qxf8 19. Bxh6 Bxh6 20. Qxd4 Bg7 21.
Qd2 Bf5 22. Rf1 Qe7 23. Re1 Qe5 24. Nc3 Qd4+ 25. Qxd4 Bxd4+ 26. Kh1 Kf7 27. Rf1
Kg7 28. h3 Re8 29. g4 Bd3 30. Rd1 Bxc3 31. Rxd3 Bxb2 32. Bf3 b6 33. Kg2 Re1 34.
Bd1 Be5 35. a4 a5 36. h4 Re4 37. Rd2 Rxc4 38. Rc2 Rc3 39. Rxc3 Bxc3 1/2-1/2